Statistics for The Walking Dead game Season one

Click here to take the quiz!

General Stats

  • This quiz has been taken 66 times
  • The average score is 12 of 15

Answer Stats

QuestionAnswer% Correct
What crime has Lee Everett been convicted of?Murder
100%
Where is Clementine hiding?Her treehouse
98%
Where does Lee get bitten?His arm
96%
Who instantly dislikes Lee?Larry
96%
What business did Lee's parent own?A pharmacy
94%
Who is shot by Lily in episode 3?Carley or Doug
94%
What does the group hope to find in that city?A boat
93%
Who does Clementine find has turned into zombies?Her parents
93%
Which form of transport do the group find?Train
93%
Which city do they take that transport to?Savannah
87%
What is the name of the family farm in episode 2?St John
81%
In episode two, Mark meets an unfortunate end, which branch of the military was he in?Air force
56%
In 400 Days, who attempted to recruit the characters to join their group?Tavia
52%
In 400 Days, everyone's story takes place around which local landmark?Gil's Pitstop
46%
Where does The Stranger take Clementine?Travelier Motel
15%

Score Distribution

Percentile by Number Answered

Percent of People with Each Score

Your Score History

You have not taken this quiz